Dose response relationship of chronic alcohol intake with serum high density lipoprotein (HDL) cholesterol level (Record no. 86505)

MARC details
000 -LEADER
fixed length control field 00388nam a2200133Ia 4500
008 - FIXED-LENGTH DATA ELEMENTS--GENERAL INFORMATION
fixed length control field 230917s9999||||xx |||||||||||||| ||und||
040 ## - CATALOGING SOURCE
-- 94125
Original cataloging agency VIVEKANANDA LIBRARY
041 ## - Language
-- English
082 ## - DDC NUMBER
Classification number 610 B227D
100 ## - MAIN ENTRY--PERSONAL NAME
Personal name Bansal, Sanjay
245 #0 - TITLE STATEMENT
Title Dose response relationship of chronic alcohol intake with serum high density lipoprotein (HDL) cholesterol level
300 ## - PHYSICAL DESCRIPTION
Pages 111 p.
942 ## - ADDED ENTRY ELEMENTS (KOHA)
Koha item type Thesis
Holdings
Withdrawn status Lost status Damaged status Not for loan Location (home branch) Sublocation or collection (holding branch) Date acquired Koha issues (times borrowed) Koha full call number Accession No. Koha date last seen Koha item type
        VIVEKANANDA LIBRARY VIVEKANANDA LIBRARY 08/05/2012   610 B227D 165528 17/09/2023 Thesis
        VIVEKANANDA LIBRARY VIVEKANANDA LIBRARY 08/05/2012   610 B227D 165735 17/09/2023 Thesis
© Designed and Maintained by Vivekananda Library, MDU Rohtak